000 00702nam a2200289Ia 4500
005 20260324120824.0
008 008 260324s9999 xx 000 0 eng d
020 _a9780203664544
037 _aEBOOK
040 _aCRL
040 _beng
040 _cCRL
041 _2eng
041 _aeng
084 _qCRL
100 _aMartha Tupinamba de Ulhoa; Cláudia Azevedo; Felipe Trotta
_91160106
245 0 _aMade in Brazil
245 0 _bStudies in Popular Music
260 _bTaylor and Francis
260 _c2014
365 _a
365 _b255
856 _uhttp://www.taylorfrancis.com/books/9780203664544
942 _cEBOOK
999 _c1751830
_d1751830